[Event "44th Open Sitges 2018"]
[Site "Sitges"]
[Date "2018.07.22"]
[Round "1"]
[White "Volkov, Sergey"]
[Black "Anuj Shrivatri"]
[Result "1-0"]
[WhiteElo "2574"]
[BlackElo "2094"]
[Annotator "TA"]
[PlyCount "181"]
[EventDate "2018.07.22"]
[EventType "swiss"]
[EventCountry "ESP"]
[SourceTitle "playchess.com"]
[Source "ChessBase"]
[SourceQuality "1"]

{[%evp 22,181,33,9,64,64,62,54,62,67,70,64,101,48,75,72,83,70,75,75,96,64,75,72,60,45,91,27,34,25,25,1,8,8,16,0,0,0,0,-32,-13,-24,11,0,33,34,46,34,37,37,37,37,38,41,72,72,82,81,79,72,93,53,53,53,53,53,79,65,79,79,85,85,85,75,75,74,85,83,85,83,110,110,128,131,138,139,131,137,132,132,132,137,137,110,181,152,584,579,544,388,1008,1029,1012,841,503,489,462,444,420,389,1116,972,480,1010,730,589,1973,1969,1801,1449,29937,29938,29949,29950,11904,11101,10962,11808,6522,8323,8915,10428,6618,6211,5189,6079,5677,3109,2761,1314,29963,1295,29971,29972,29973,29974,29974,29974,29974,29975,29975,29976,29976,29977,29977,29978,29978,29979,29978,29979,29979,29980]} 1. d4 Nf6 2. c4 g6 3. Nc3 Bg7 4. e4 d6 5. Nf3 O-O 6. Be2 e5 7. O-O Nc6 8. Be3 Ng4 9. Bg5 f6 10. Bh4 g5 11. Bg3 Nh6 12. h3 {LiveBook: 3 Games. E97: King's Indian: Classical Main Line (6...e5 7 0-0 Nc6): 8 Be3 and 8 d5 Ne7, not 9 Ne1} (12. dxe5 fxe5 13. h3 g4 14. hxg4 Bxg4 15. Ne1 Be6 16. Nc2 Kh8 17. Nd5 Qd7 18. Qd3 Ne7 19. Rad1 Ng6 20. Qd2 Rad8 21. Bh5 {½-½ (37) Ghaem Maghami,E (2596)-Grischuk,A (2774) Berlin 2015}) 12... Nf7 (12... f5 $11) 13. d5 $14 Ne7 14. Nd2 $146 {White is slightly better.} ({Predecessor:} 14. Qd2 Ng6 15. Rfe1 Nf4 16. Bd1 h5 17. Bxf4 exf4 18. Nd4 Ne5 19. Bxh5 Nxc4 20. Qc2 Ne5 21. Rad1 {1-0 (32) Belter,E (1478)-Gonzalez Morales,E (1410) LSS email 2010}) 14... f5 15. exf5 Nxf5 16. Nde4 Qe7 17. Bg4 (17. Qd2 $16) 17... a5 18. Qd2 b6 19. f3 h6 20. Bf2 Nh8 21. Bh5 Bd7 22. Rae1 Be8 23. Bxe8 Qxe8 24. g3 (24. g4 $16 Ne7 25. h4) 24... Ng6 $11 25. Kh2 Qd7 26. Ne2 Rf7 27. b3 Raf8 28. Be3 Nfe7 29. Ng1 Nf5 30. Re2 Nge7 {[%cal Bg6e7,Be7f5,Bf5d4][%mdl 32]} 31. Ref2 Nxe3 32. Qxe3 Nf5 33. Qd3 Nd4 34. Ne2 {[%cal Bg1e2,Be2g3,Bg3e4][%mdl 32]} Qf5 35. Kg2 Qg6 36. g4 Re7 37. N2g3 Qe8 {[#]} 38. Nc3 $1 Rd7 39. Nb5 Nxb5 40. cxb5 Rf4 41. Ne4 Bf6 42. Rc1 Bd8 43. Rc4 Rdf7 44. a4 Rf8 45. Ng3 Rxc4 46. Qxc4 Rf4 47. Qc2 Qf7 48. Rd2 {[%cal Bf2d2,Bd2d3,Bd3c3,Bc3c4][%mdl 32]} Kh8 49. Rd3 Qe8 50. Nh5 Rf7 51. Rc3 Rf8 52. Qe4 Qf7 53. Rc4 Qh7 54. b4 $40 {[%mdl 128] Black is in trouble.} axb4 55. Rxb4 Qxe4 56. fxe4 $16 {[%mdl 4096] Endgame KRB-KRN} Kg8 57. Rb3 Rf7 (57... Re8 $16) 58. Rf3 Rxf3 $2 {[#]} (58... Re7 $16 59. Ng3 Rf7) 59. Kxf3 {KB-KN} Kf7 60. Ke3 Be7 $2 (60... Ke7 61. Ng7 Kf7) 61. a5 $18 bxa5 62. Kd3 Ke8 63. Kc4 Kd7 64. Kb3 Kc8 65. Ka4 Kb7 $2 (65... Bd8 66. Ng3 Kb7) 66. Kxa5 Ka7 67. Ng7 Kb7 68. Nf5 Bf8 69. b6 cxb6+ 70. Kb5 Kc7 71. Ka6 b5 72. Kxb5 Kb7 73. Ne3 Be7 74. Nc4 Bf8 75. Na5+ Kc7 76. Ka6 Be7 77. Nc4 Bf6 78. Ne3 Be7 79. Nf5 Bd8 80. Nxh6 Be7 81. Nf5 Bd8 82. Ng7 {White mates.} Kd7 83. Ne6 Bf6 84. Kb6 Be7 85. Kb7 Bf6 86. Nc7 Bd8 87. Na8 Ba5 88. Nb6+ Kd8 89. Kc6 Bb4 90. Nc4 Ke7 91. Ne3 {Precision: White = 76%, Black = 48%.} 1-0

[Event "44th Open Sitges 2018"]
[Site "Sitges"]
[Date "2018.07.22"]
[Round "1"]
[White "Oliva Castaneda, Kevel"]
[Black "Jaeel Atharva"]
[Result "1-0"]
[WhiteElo "2491"]
[BlackElo "2083"]
[Annotator "TA"]
[PlyCount "49"]
[EventDate "2018.07.22"]
[EventType "swiss"]
[EventCountry "ESP"]
[SourceTitle "playchess.com"]
[Source "ChessBase"]
[SourceQuality "1"]

{[%evp 20,49,4,0,0,8,13,-6,-6,9,0,0,11,0,62,60,96,78,248,202,300,151,479,475,591,131,600,593,593,592,575,576]} 1. Nf3 Nf6 2. c4 e6 3. g3 d5 4. Bg2 Be7 5. O-O O-O 6. b3 Nbd7 7. Bb2 c6 {[%cal Bc7c6,Bc6c5][%mdl 32]} 8. d4 b6 9. Nbd2 Bb7 10. Qc2 c5 11. cxd5 {LiveBook: 8 Games. E09: Closed Catalan: Main Line: 7 Qc2 c6 8 Nbd2} (11. Rac1 dxc4 12. Nxc4 Be4 13. Qd2 Rc8 14. dxc5 Rxc5 15. Rfd1 Qa8 16. Qe1 Rcc8 17. Ba3 Bxa3 18. Nxa3 Rxc1 19. Rxc1 Rc8 20. Nb5 Rxc1 21. Qxc1 Ne8 22. Qf4 Ndf6 23. Nc7 Qb7 24. Nxe8 Nxe8 25. Ne1 {½-½ (25) Bok,B (2599)-L'Ami,E (2606) Amsterdam 2016}) 11... Bxd5 12. e4 {[%cal Be2e4,Be4e5][%mdl 32]} Bb7 13. Rad1 $146 {The position is equal.} ({Predecessor:} 13. Rfd1 Rc8 14. Qd3 cxd4 15. e5 Nd5 16. Qxd4 Qc7 17. Nc4 Qb8 18. Nd6 Bxd6 19. exd6 {½-½ (52) Kouvatsos,F (2159)-Triantos,K (1986) Nikaia 2017}) 13... cxd4 14. Nxd4 Rc8 15. Qb1 Qc7 {[#]} 16. e5 $1 {[%mdl 512]} Nd5 ({Of course not} 16... Nxe5 $6 17. Nb5 $16) ({Black should try} 16... Ng4 $1 $11) (16... Qxe5 17. Bxb7) 17. Nc4 $14 a6 {[#]} 18. Nf5 $1 {[%mdl 512]} Bc5 $2 {[#]} (18... exf5 $16 {might work better.} 19. Qxf5 (19. Bxd5 Bxd5 20. Rxd5 g6 $14) 19... g6) 19. Ncd6 $1 $18 Rcd8 (19... exf5 {was called for.} 20. Nxc8 (20. Bxd5 Bxd5 21. Rxd5 Bxd6 $16) 20... Ne3 21. fxe3 Rxc8) 20. b4 (20. Nxb7 $18 Qxb7 21. Qd3) 20... Bxb4 $2 (20... Nc3 $16 21. Ne7+ (21. Bxc3 Bxg2 22. Ne7+ Kh8 $16) 21... Kh8 22. Bxc3 Bxg2) 21. Bxd5 Bxd5 22. Ne7+ Kh8 {[#]} 23. Rd4 $1 {Threatening mate with Qxh7+!White is clearly winning.} Bd2 24. Nxd5 exd5 25. Rxd2 {Precision: White = 68%, Black = 41%.} 1-0

[Event "44th Open Sitges 2018"]
[Site "Sitges"]
[Date "2018.07.22"]
[Round "1"]
[White "Pulvett Marin, Daniel Eduardo"]
[Black "Borrellas Comellas, Josep"]
[Result "1-0"]
[WhiteElo "2458"]
[BlackElo "2080"]
[Annotator "TA"]
[PlyCount "51"]
[EventDate "2018.07.22"]
[EventType "swiss"]
[EventCountry "ESP"]
[SourceTitle "playchess.com"]
[Source "ChessBase"]
[SourceQuality "1"]

{[%evp 17,51,23,22,29,22,26,22,14,23,7,2,0,12,2,27,19,19,19,41,0,0,0,139,72,54,49,68,66,73,68,72,68,68,65,96,95]} 1. d4 d5 2. c4 e6 3. Nc3 Nf6 4. cxd5 exd5 5. Bg5 Be7 6. e3 h6 7. Bh4 c6 8. Bd3 Ne4 9. Bxe7 {D35: Queen's Gambit Declined: Exchange Variation} Qxe7 {LiveBook: 5 Games} 10. Bxe4 dxe4 11. Qc2 {The position is equal.} f5 (11... Bf5 12. Nge2 O-O 13. O-O Re8 14. Rab1 Nd7 15. b4 Rac8 16. Qa4 a6 {1-0 (47) Milanovic,D (2502)-Osmanodja,F (2365) Neustadt an der Weinstrasse 2017}) 12. Nge2 Be6 13. Nf4 {[#] And now Ng6 would win.} Bf7 14. O-O $146 ({Predecessor:} 14. h4 O-O 15. g4 fxg4 16. Qxe4 Qb4 {1-0 (33) Keene,R-Gunnarsson,G Reykjavik 1972}) 14... O-O 15. f3 {[%cal Rf3e4]} g5 16. Nfe2 $36 {[%cal Rf3e4][%mdl 2048] White has the initiative.} exf3 17. Rxf3 Bg6 18. Ng3 {[%cal Rg3f5]} Qe6 19. Raf1 {[%cal Rg3f5]} g4 (19... Nd7 $11 {keeps the balance.} 20. Nxf5 Bxf5 21. Rxf5 Qxe3+ 22. Kh1 Qe6) 20. Rf4 ({White should play} 20. R3f2) 20... Qxe3+ $16 21. Kh1 {[#] Hoping for Qb3+.} Nd7 22. Qb3+ $1 Kh8 23. Qxb7 Qe6 24. d5 cxd5 25. Qxd5 Rae8 26. Qd4+ {Precision: White = 57%, Black = 66%.} ({Avoid the trap} 26. Nxf5 $2 Qxd5 27. Nxd5 Rxf5 $19) 1-0

[Event "44th Open Sitges 2018"]
[Site "Sitges"]
[Date "2018.07.22"]
[Round "1"]
[White "Kyrkjebo, Erlend"]
[Black "Guseinov, Gadir"]
[Result "0-1"]
[WhiteElo "2099"]
[BlackElo "2654"]
[Annotator "TA"]
[PlyCount "56"]
[EventDate "2018.07.22"]
[EventType "swiss"]
[EventCountry "ESP"]
[SourceTitle "playchess.com"]
[Source "ChessBase"]
[SourceQuality "1"]

{[%evp 13,56,19,52,14,83,48,70,46,89,19,48,35,38,0,-1,-12,-29,-43,-45,-79,-52,-138,-137,-159,-165,-415,-422,-414,-282,-343,-258,-241,-170,-173,-183,-186,-178,-192,-195,-187,-36,-1093,-1052,-1136,-1134]} 1. e4 d6 2. d4 Nf6 3. Nc3 g6 4. f3 Bg7 5. Be3 c6 6. Qd2 b5 7. h4 Nbd7 {LiveBook: 22 Games} 8. Nce2 $146 {B07: Pirc Defence: Miscellaneous Systems} ({Predecessor:} 8. g4 Nb6 9. h5 Rg8 10. Nh3 b4 11. Nd1 a5 12. a3 bxa3 13. Rxa3 Ba6 14. Bxa6 Rxa6 15. Qe2 Ra8 16. c4 {½-½ (54) Caruana,F (2757)-Kramnik,V (2810) Zuerich 2013}) 8... c5 (8... h5 $11 {keeps the balance.}) 9. dxc5 dxc5 10. O-O-O {White is slightly better.} Bb7 11. Nh3 (11. h5 $1 $16) 11... Qb6 12. Nef4 O-O-O 13. Qf2 Qa5 $1 {[%cal Ra5a2]} 14. Kb1 Nb6 {[%cal Bd7b6,Bb6a4,Ba4b2,Bb2d1,Bd1c3][%mdl 32]} 15. Bd2 b4 16. Ng5 Rhf8 $40 {[%mdl 128] Black mounts an attack.} 17. g3 ({White should try} 17. a3 $15) 17... Na4 $1 $17 18. Bh3+ Kb8 {Hoping for ...Nxb2!} 19. Nfe6 $2 (19. Nd3 h6 20. b3 Nc3+ 21. Bxc3 bxc3 22. Qxc5 Qxc5 23. Nxc5 hxg5 24. hxg5) 19... fxe6 $19 20. Bf4+ Ka8 21. Nxe6 {Threatens to win with Nc7+.} Rxd1+ 22. Rxd1 {[#] And now Nc7+ would win.} Nxb2 $1 {[%mdl 512]} 23. Nc7+ {[#]} (23. Kxb2 Nxe4+) 23... Qxc7 $1 {[%mdl 512]} 24. Bxc7 Nxd1 25. Qxc5 Nc3+ 26. Kc1 {[#]} Nfxe4 $2 ({Inferior is} 26... Nxa2+ 27. Kd2 $15) (26... Bh6+ $1 $19 27. f4 Ncxe4 28. Qxb4 Nxg3 29. Qxe7 Ngh5) 27. fxe4 $4 {[%mdl 8192] [#]} (27. Qxe7 $15 Nxa2+ 28. Kd1 Nf2+ 29. Ke1 Nxh3 30. Qxg7) 27... Bh6+ $1 28. Bf4 Rxf4 {Precision: White = 22%, Black = 51%.} 0-1

[Event "44th Open Sitges 2018"]
[Site "Sitges"]
[Date "2018.07.22"]
[Round "1"]
[White "Guasch Figuerola, Agusti"]
[Black "Munoz, Miguel"]
[Result "0-1"]
[WhiteElo "2084"]
[BlackElo "2500"]
[Annotator "TA"]
[PlyCount "65"]
[EventDate "2018.07.22"]
[EventType "swiss"]
[EventCountry "ESP"]
[SourceTitle "playchess.com"]
[Source "ChessBase"]
[SourceQuality "1"]

{[%evp 17,65,17,27,-10,0,-16,37,19,55,33,36,33,25,29,20,12,27,27,30,35,69,61,62,32,29,-7,10,0,0,0,49,-148,-145,-142,-147,-204,-253,-489,-477,-599,-577,-583,-562,-662,-646,-1118,-1095,-1084,-1053,-3132]} 1. c4 c5 2. g3 g6 3. Bg2 Bg7 4. Nc3 Nc6 5. a3 a5 6. e4 {A36: Symmetrical English vs ...g6: 4 Bg2 Bg7} (6. e3 d6 7. Nge2 Nf6 8. d4 cxd4 9. exd4 O-O 10. O-O Bf5 11. h3 Re8 12. Be3 h5 13. f4 e6 14. Kh2 {1-0 (32) Klekowski,M (2498)-Stachowiak,K (2432) Wroclaw 2017}) 6... d6 7. Nge2 e5 8. d3 Nge7 9. O-O O-O {LiveBook: 7 Games} 10. Nd5 Nxd5 11. cxd5 Ne7 ({Black should try} 11... Nd4 $11) 12. Rb1 $146 ({Predecessor:} 12. Nc3 Bd7 13. a4 Qc7 14. Ra3 Nc8 15. Bg5 f6 16. Bd2 Nb6 17. Nb5 Bxb5 18. axb5 {0-1 (53) Warns,H (2127)-Haskenhoff,J (2095) Werther 2018}) 12... a4 13. b4 axb3 14. Qxb3 f5 15. Qb6 Qd7 16. Qb5 (16. Bh3 {keeps more tension.} Bf6 17. Qb3 h5 18. Nc3 Rf7 19. f4) 16... Qxb5 17. Rxb5 Ra6 18. Rb3 h6 {[%cal Bh7h6,Bh6h5][%mdl 32]} 19. Nc3 g5 20. f3 f4 21. g4 Kf7 22. Rf2 Bf6 23. Bf1 h5 24. d4 $2 {[#]} (24. gxh5 $14 {is the one way to stay ahead.} Rh8 25. Nb1) 24... exd4 $17 25. Bxa6 bxa6 26. Ne2 (26. Nd1 $17 {is a better defense.}) 26... hxg4 $19 27. Bb2 $2 (27. fxg4 {was worth a try.} Ng6 28. h4 Nxh4 29. Nxf4 gxf4 30. g5) 27... gxf3 {Black is clearly winning.} 28. Rfxf3 Bg4 29. Rf2 c4 {[%cal Bc5c4,Bc4c3][%mdl 32]} 30. Rb6 c3 {Strongly threatening ...Bxe2.} 31. Bc1 Bxe2 32. Rxe2 d3 33. h3 {Precision: White = 19%, Black = 63%.} 0-1

[Event "44th Open Sitges 2018"]
[Site "Sitges"]
[Date "2018.07.22"]
[Round "1"]
[White "Kumar, Gaurav"]
[Black "Fernandez Cardoso, Alexey"]
[Result "0-1"]
[WhiteElo "2074"]
[BlackElo "2439"]
[Annotator "TA"]
[PlyCount "119"]
[EventDate "2018.07.22"]
[EventType "swiss"]
[EventCountry "ESP"]
[SourceTitle "playchess.com"]
[Source "ChessBase"]
[SourceQuality "1"]

{[%evp 22,119,23,0,0,0,0,0,8,-22,0,0,0,0,18,0,0,0,0,0,0,0,20,16,22,4,16,0,0,-20,0,-68,51,-47,-50,-43,-54,-109,-117,-99,-102,-114,-122,-146,-152,-227,-229,-192,-148,-134,-127,-110,-93,-109,-110,-86,-84,-175,-10,-10,-10,-25,0,-23,-55,-397,-373,-608,-608,-868,-841,-829,-806,-720,-648,-1729,-1483,-1243,-1203,-931,-858,-12808,-12821,-12833,-12833,-12834,-12835,-12833,-12834,-12836,-12836,-12838,-12838,-12838,-12839,-12839,-12840,-12847,-12847,-12849]} 1. e4 c5 2. Nf3 e6 3. d4 cxd4 4. Nxd4 a6 5. Bd3 Nf6 6. O-O d6 7. c4 g6 8. b3 Bg7 9. Bb2 O-O 10. Qe2 Qc7 11. Kh1 {B42: Sicilian: Kan Variation: 5 Bd3} Nbd7 12. f4 {LiveBook: 3 Games} e5 13. fxe5 $1 {The position is equal.} Nxe5 14. Nc3 Re8 $146 ({Predecessor:} 14... Neg4 15. Nf3 Re8 16. Nd5 Nxd5 17. cxd5 Bxb2 18. Qxb2 Bd7 {1-0 (35) Koch,J (2425)-Kuijf,M (2490) Lyon 1990}) 15. Bc2 Bd7 16. Rad1 Rac8 17. Bb1 Qc5 (17... Bg4 $5 18. Nf3 $8 Rb8 $11) 18. Nf3 Nxf3 19. gxf3 Bc6 20. Qd2 Rcd8 21. Nd5 Bxd5 22. cxd5 Nd7 23. Rc1 Qa7 (23... Qb5 {with more complications.} 24. Ba3 Nc5 25. Qg2 Rc8 26. Rc4 a5) 24. Bxg7 Kxg7 25. Qc3+ Kg8 26. f4 ({White should play} 26. Qc7 $11) 26... Qb8 ({Black should try} 26... Rc8 $1 $15 27. Qd2 (27. Qxc8 Rxc8 28. Rxc8+ Kg7 $15) 27... Rxc1 28. Rxc1 Qb6) 27. Qc7 (27. Qh3 $1 $14) 27... Nf6 $15 28. Qxb8 Rxb8 29. Rc7 (29. Rc4 $15) 29... Nxe4 $17 30. f5 g5 $1 31. Bxe4 Rxe4 {[%mdl 4096] Endgame KRR-KRR} 32. Rd7 Rc8 33. Rxd6 (33. Rf2 $17) 33... Kg7 $1 $19 34. Rf2 Rc1+ 35. Kg2 Rg4+ 36. Kf3 Rf4+ 37. Kg2 Rxf2+ 38. Kxf2 $17 {KR-KR} Rc2+ 39. Kg3 (39. Ke3 $17) 39... Rxa2 $2 (39... h5 $1 $19 40. h4 g4) 40. h4 $1 $11 gxh4+ 41. Kxh4 h6 42. b4 Rd2 {Threatens to win with ...Rd4+.} 43. Kg4 $2 {[%mdl 8192]} ({White has to play} 43. Kh5 $15) 43... Rd4+ $19 44. Kh5 $2 {[#]} (44. Kf3 Rxb4 45. Rd7) 44... Rf4 $1 {[%cal Rf4f5] Black is clearly winning.} 45. Rd7 Rxb4 46. d6 b5 47. Ra7 {[#]} Rf4 $1 {[%cal Rf4f5]} 48. Rxa6 Rxf5+ 49. Kg4 Rd5 50. Kf4 Kf6 51. Ke4 Rg5 52. d7+ Ke7 53. Rd6 Kd8 54. Kf4 Rg6 55. Rd1 Rb6 56. Ke5 b4 {[%cal Bb5b4,Bb4b3][%mdl 32]} 57. Kd5 b3 58. Kc5 Rb7 59. Kc6 Rc7+ 60. Kb6 {Precision: White = 28%, Black = 57%.} 0-1

[Event "44th Open Sitges 2018"]
[Site "Sitges"]
[Date "2018.07.22"]
[Round "1"]
[White "Garcia Fernandez, Pere"]
[Black "Jimenez Ortiz, Gonzalo"]
[Result "0-1"]
[WhiteElo "1612"]
[BlackElo "1949"]
[Annotator "NA"]
[PlyCount "120"]
[EventDate "2018.07.22"]
[EventType "swiss"]
[EventCountry "ESP"]
[SourceTitle "playchess.com"]
[Source "ChessBase"]
[SourceQuality "1"]
[TimeControl "40/5400+30:1800+30"]

1. e4 {[%emt 0:03:18]} c5 {[%emt 0:00:26]} 2. Bc4 {[%emt 0:00:12]} Nc6 {[%emt 0:00:33]} 3. Nf3 {[%emt 0:00:35]} g6 {[%emt 0:03:11]} 4. d4 {[%emt 0:06:46]} cxd4 {[%emt 0:00:51]} 5. Nxd4 {[%emt 0:04:20]} Bg7 {[%emt 0:01:36]} 6. Nxc6 {[%emt 0:01:52]} bxc6 $11 {[%emt 0:01:23] LiveBook: 12 Games} 7. O-O {[%emt 0:04:40]} Qc7 {[%emt 0:16:43]} 8. c3 {[%emt 0:06:27]} Nf6 {[%emt 0:07:04]} 9. Qf3 {[%emt 0:03:36]} O-O {[%emt 0:03:51]} 10. Bg5 {[%emt 0:01:46]} Qe5 {[%emt 0:07:15]} 11. Bxf6 {[%emt 0:03:30]} Qxf6 {[%emt 0:04:19]} 12. Qxf6 {[%emt 0:05:10]} Bxf6 {[%emt 0:00:36]} 13. f4 {[%emt 0:00:10]} d6 {[%emt 0:05:56]} 14. Nd2 {[%emt 0:02:25]} Bg7 {[%emt 0:09:29]} 15. Rf3 {[%emt 0:05:21]} a5 {[%emt 0:03:14]} 16. Re1 {[%emt 0:07:19]} a4 {[%emt 0:03:46]} 17. Nb1 {[%emt 0:08:38]} Bg4 {[%emt 0:02:00]} 18. Rg3 {[%emt 0:00:30]} Bd7 {[%emt 0:00:23]} 19. Na3 {[%emt 0:06:07]} Rfb8 {[%emt 0:04:59]} 20. Re2 {[%emt 0:02:48]} Rb7 {[%emt 0:01:54]} 21. h4 {[%emt 0:06:23]} Rab8 {[%emt 0:03:26]} 22. b3 {[%emt 0:05:55]} axb3 {[%emt 0:06:01]} 23. Bxb3 {[%emt 0:01:07]} e6 {[%emt 0:03:10]} 24. Rd3 {[%emt 0:01:58]} d5 {[%emt 0:01:22]} 25. e5 {[%emt 0:00:43]} c5 {[%emt 0:01:18]} 26. c4 {[%emt 0:01:08]} d4 {[%emt 0:00:53]} 27. g4 {[%emt 0:03:54]} Bf8 {[%emt 0:01:37]} 28. g5 {[%emt 0:00:39]} Be7 {[%emt 0:00:40]} 29. Kf2 {[%emt 0:00:51]} Bd8 {[%emt 0:01:51]} 30. Nb1 {[%emt 0:02:41]} Ba5 {[%emt 0:00:24]} 31. Rb2 {[%emt 0:00:41]} Ba4 {[%emt 0:01:47]} 32. Ke2 {[%emt 0:00:52]} Kf8 {[%emt 0:00:49]} 33. Nd2 {[%emt 0:00:25]} Bxd2 {[%emt 0:00:56]} 34. Kxd2 {[%emt 0:00:10]} Ke7 {[%emt 0:01:23]} 35. Kc1 {[%emt 0:00:28]} Kd8 {[%emt 0:00:17]} 36. Kd2 {[%emt 0:00:37]} Kc7 {[%emt 0:00:13]} 37. Kc1 {[%emt 0:02:03]} Rb6 {[%emt 0:00:19]} 38. Kc2 {[%emt 0:00:38]} R8b7 {[%emt 0:00:22]} 39. Kc1 {[%emt 0:00:33]} Kb8 {[%emt 0:00:32]} 40. Kc2 {[%emt 0:00:35]} Ka7 {[%emt 0:01:05]} 41. Kc1 {[%emt 0:00:47]} Ka6 {[%emt 0:10:33]} 42. Kc2 {[%emt 0:01:24]} Ka5 {[%emt 0:00:11]} 43. Kc1 {[%emt 0:03:22]} Rb4 {[%emt 0:00:41]} 44. Kb1 {[%emt 0:01:48]} Bxb3 {[%emt 0:12:47]} 45. axb3 {[%emt 0:02:53]} Ra7 {[%emt 0:00:16]} 46. Ra2+ {[%emt 0:00:45]} Kb6 {[%emt 0:00:01]} 47. Rxa7 {[%emt 0:00:51]} Kxa7 {[%emt 0:00:01]} 48. Kb2 {[%emt 0:00:37]} Rb6 {[%emt 0:00:41]} 49. Rh3 {[%emt 0:03:13]} Ra6 {[%emt 0:01:28]} 50. h5 {[%emt 0:01:54]} Kb6 {[%emt 0:00:13]} 51. hxg6 {[%emt 0:00:41]} hxg6 {[%emt 0:00:04]} 52. Rh7 {[%emt 0:01:33]} Ra7 {[%emt 0:00:01]} 53. Rh3 {[%emt 0:00:12]} Ka5 {[%emt 0:00:25]} 54. Ka3 {[%emt 0:00:58]} Rd7 {[%emt 0:00:13]} 55. Rd3 {[%emt 0:00:20]} Rd8 {[%emt 0:00:15]} 56. Kb2 {[%emt 0:01:06]} Kb4 {[%emt 0:02:44]} 57. Kc2 {[%emt 0:10:49]} Rh8 {[%emt 0:00:24]} 58. Rd2 {[%emt 0:01:02]} Rh3 {[%emt 0:00:26]} 59. Rd3 {[%emt 0:00:27]} Rxd3 {[%emt 0:00:42]} 60. Kxd3 {[%emt 0:04:50]} Kxb3 {[%emt 0:01:12]} 0-1

[Event "44th Open Sitges 2018"]
[Site "Sitges"]
[Date "2018.07.22"]
[Round "2"]
[White "Guseinov, Gadir"]
[Black "Blasco Coll, Andreu"]
[Result "1-0"]
[WhiteElo "2654"]
[BlackElo "2242"]
[Annotator "TA"]
[PlyCount "73"]
[EventDate "2018.07.22"]
[EventType "swiss"]
[EventCountry "ESP"]
[SourceTitle "playchess.com"]
[Source "ChessBase"]
[SourceQuality "1"]

{[%evp 30,73,68,61,91,85,106,93,103,104,107,104,113,109,109,119,108,100,106,112,106,112,139,125,164,144,181,188,179,168,160,158,214,200,210,211,205,201,239,216,247,245,242,238,262,258]} 1. e4 c6 2. d4 d5 3. Nc3 dxe4 4. Nxe4 Bf5 5. Ng3 Bg6 6. h4 h6 7. Nf3 Nd7 8. h5 Bh7 9. Bd3 Bxd3 10. Qxd3 e6 11. Bd2 Ngf6 12. O-O-O Be7 13. Ne4 Qb6 {B19: Caro-Kann (Hauptvariante)} (13... Nxe4 14. Qxe4 Nf6 15. Qe2 Qd5 16. c4 Qe4 17. Qxe4 Nxe4 18. Be3 f5 19. Kc2 Rd8 20. Nd2 Nf6 21. Nf3 Ne4 22. Nd2 Nf6 23. Nf3 Ne4 {½-½ (23) Mista,A (2606)-Tomczak,J (2615) Poland 2017}) 14. Nxf6+ Nxf6 15. Ne5 Rd8 16. Qg3 {LiveBook: 5 Partien} Rg8 17. Be3 Qa5 $146 ({Vorgänger:} 17... Qa6 18. Kb1 Rd5 19. Nd3 Nxh5 20. Rxh5 Rxh5 21. Qb8+ {½-½ (30) Tadjerbashi,A (2199)-Tikkanen,H (2478) Norrkoping 2018}) 18. Kb1 Bd6 19. c4 g5 20. Bd2 $40 {[%mdl 128] Weiss greift entschieden an.} Qc7 21. Qe3 c5 {[#] Droht ...cxd4 und aus.} 22. Bc3 {zielt auf d5 ab.} Bxe5 23. dxe5 ({Doch nicht} 23. Qxe5 $6 Qxe5 24. dxe5 Rxd1+ 25. Rxd1 Nxh5 $11) 23... Rxd1+ 24. Rxd1 Nxh5 25. g3 {[%cal Bg2g3,Bg3g4][%mdl 32]} Ng7 26. g4 Ke7 27. Rh1 Kd7 28. Rxh6 Ne8 29. Rh7 Kc8 30. Kc2 Kb8 (30... Qe7 $16 {war angesagt.} 31. Bd2 Nc7) 31. b3 {[%cal Bb2b3,Bb3c4][%mdl 32]} Qe7 32. Qf3 Rf8 33. Bd2 Nc7 34. a3 b5 35. Qc6 bxc4 36. bxc4 Rd8 37. Be3 {Precision: Weiß = 100%, Schwarz = 61%.} 1-0

[Event "44th Open Sitges 2018"]
[Site "Sitges"]
[Date "2018.07.22"]
[Round "2"]
[White "Munoz, Miguel"]
[Black "Ruperez, Miguel"]
[Result "1-0"]
[WhiteElo "2500"]
[BlackElo "2226"]
[Annotator "TA"]
[PlyCount "89"]
[EventDate "2018.07.22"]
[EventType "swiss"]
[EventCountry "ESP"]
[SourceTitle "playchess.com"]
[Source "ChessBase"]
[SourceQuality "1"]

{[%evp 14,89,29,0,18,4,25,20,25,22,29,0,46,39,56,10,48,47,42,59,56,50,83,82,87,70,90,77,95,60,121,117,130,126,162,156,261,305,365,329,454,450,403,420,461,489,379,416,395,239,415,412,410,410,406,353,400,397,397,396,649,561,1015,300,300,300,369,337,424,338,1807,1804,2235,2095,29989,29990,29991,29992]} 1. g3 c5 2. Bg2 e6 3. e4 Nc6 4. Ne2 Nf6 5. O-O d6 6. c3 {B20: Sizilianisch} Be7 7. d4 O-O 8. h3 {LiveBook: 3 Partien. Weiß hat minimalen Vorteil.} (8. Na3 Qc7 9. h3 a6 10. g4 b5 11. Ng3 b4 12. Nc2 bxc3 13. bxc3 {½-½ (26) Vallejo Pons,F (2684)-Duda,J (2658) Berlin 2015}) 8... Rb8 9. Be3 Qc7 10. g4 $146 {[%cal Bg3g4,Bg4g5][%mdl 32]} ({Vorgänger:} 10. Nd2 b5 11. f4 e5 12. d5 {½-½ (12) Njegomir,M (1976)-Mirkovic,P (2085) Serbia 2008}) 10... Re8 11. g5 Nd7 12. f4 cxd4 13. cxd4 d5 14. e5 g6 15. Nbc3 Nb6 16. b3 a6 17. h4 {[%cal Bh3h4,Bh4h5][%mdl 32]} Bd7 18. h5 Bf8 19. Rc1 Ba3 20. Rc2 Rbc8 21. Rf3 Na7 ({Günstiger ist} 21... Nb4 $14) 22. Bc1 $16 Bb4 23. a3 {[%cal Ba2a3,Ba3a4][%mdl 32]} Be7 24. Rh3 Nb5 {[#]} (24... Bb5 $16 {war angesagt.}) 25. Qe1 $1 $18 {[%cal Re1h4]} Bf8 ({Aber nicht} 25... Nxa3 $2 {[#]} 26. Qh4 $1 $18 {[%mdl 512]}) 26. Qh4 ({Nicht} 26. hxg6 fxg6 27. f5 exf5 $18) 26... Re7 27. a4 Nxc3 28. Rcxc3 ({Schwächer ist} 28. Rhxc3 Qd8 $16) 28... Bc6 29. Ba3 Rd7 30. Bxf8 Rxf8 31. Ng3 {[%cal Be2g3,Bg3f1,Bf1e3,Be3g4,Bg4f6][%mdl 32]} Qd8 $2 (31... Kh8 32. Nf1 Re7) 32. Nf1 Kh8 33. Ne3 Rg8 34. Ng4 Rg7 35. Nf6 Re7 36. Bf1 Be8 $2 (36... Nd7 37. Qf2 Qb6) 37. Rh2 Nc8 38. Rhc2 $2 (38. Rch3 {Weiss droht hxg6 und Matt.} Qc7 39. hxg6 fxg6 40. Qh6) 38... Na7 39. Qf2 Bc6 40. Qe3 Qb8 41. Rc5 gxh5 $2 (41... Be8 42. Rd2 Qd8) 42. Rh2 Rg6 43. Rxh5 {[%csl Gf6][%cal Rh5h7]} h6 44. Qh3 Qf8 45. Bd3 {Precision: Weiß = 71%, Schwarz = 30%.} 1-0